[Event "Toronto Chess to Remember"]
[Site "Toronto CAN"]
[Date "2018.09.23"]
[Round "5"]
[White "Liang, Hairan"]
[Black "Cummings, David"]
[Result "1/2-1/2"]
[WhiteElo "2251"]
[BlackElo "2335"]
[PlyCount "80"]
[GameId "2160767740522634"]
[EventDate "2018.09.23"]
[EventType "swiss (rapid)"]
[EventRounds "5"]
[EventCountry "CAN"]
[WhiteClock "0:05:52"]
[BlackClock "0:02:24"]

1. e4 e5 2. Nf3 Nc6 3. Bc4 Nf6 4. d3 Be7 5. O-O O-O 6. Re1 d6 7. a4 Na5 8. Ba2 c5 9. c3 Be6 10. d4 Bxa2 11. Rxa2 cxd4 12. cxd4 Nc6 13. d5 Nb4 14. Ra1 Rc8 15. Nc3 Nd7 16. Be3 Nc5 17. Qe2 Qd7 18. Red1 f5 19. Qb5 Nc2 20. Bxc5 Qxb5 21. Nxb5 Rxc5 22. Rac1 fxe4 23. Ne1 Nd4 24. Rxc5 dxc5 25. d6 e3 26. dxe7 exf2+ 27. Kf1 fxe1=Q+ 28. Kxe1 Re8 29. Nxa7 Rxe7 30. Rc1 Ne6 31. Rd1 h5 32. g3 Nd4 33. Rc1 b6 34. Nc8 Re6 35. a5 bxa5 36. Rxc5 e4 37. Rd5 Nf3+ 38. Ke2 Ng1+ 39. Ke3 g6 40. Rxa5 Kg7 1/2-1/2

[Event "CAN-op"]
[Site "Sault Ste Marie CAN"]
[Date "2017.07.08"]
[Round "1.12"]
[White "Wiebe, Daniel"]
[Black "Cummings, David"]
[Result "0-1"]
[WhiteElo "1939"]
[BlackElo "2313"]
[PlyCount "66"]
[GameId "2160767908347897"]
[EventDate "2017.07.08"]
[EventType "swiss"]
[EventRounds "9"]
[EventCountry "CAN"]
[SourceTitle "hb 2017"]

1. e4 c5 2. Nf3 e6 3. c3 Nf6 4. e5 Nd5 5. d4 cxd4 6. cxd4 d6 7. Bd3 dxe5 8. Nxe5 Nd7 9. O-O g6 10. Nd2 Bg7 11. Ndf3 O-O 12. h4 Nxe5 13. dxe5 Bd7 14. h5 Nb4 15. hxg6 hxg6 16. Bg5 Qe8 17. Be4 Bc6 18. Re1 Rc8 19. Qd2 Bxe4 20. Rxe4 Nd5 21. Rh4 Qc6 22. Bh6 Qc2 23. Qg5 f6 24. exf6 Bxf6 25. Qg4 Bxh4 26. Bxf8 Bxf2+ 27. Kh2 Kxf8 28. Rf1 Kg7 29. Ng5 Rh8+ 30. Nh3 Qc7+ 31. Kh1 Ne3 32. Qd4+ e5 33. Qxa7 Rxh3+ 0-1

[Event "CAN-op"]
[Site "Sault Ste Marie CAN"]
[Date "2017.07.09"]
[Round "2.3"]
[White "Cummings, David"]
[Black "Hambleton, Aman"]
[Result "1/2-1/2"]
[WhiteElo "2313"]
[BlackElo "2471"]
[PlyCount "52"]
[GameId "2160767908343808"]
[EventDate "2017.07.08"]
[EventType "swiss"]
[EventRounds "9"]
[EventCountry "CAN"]
[SourceTitle "hb 2017"]

1. Nf3 d5 2. g3 c6 3. Bg2 Bg4 4. O-O Nd7 5. h3 Bxf3 6. Bxf3 e5 7. d3 Ngf6 8. e4 Be7 9. exd5 Nxd5 10. Nd2 O-O 11. Nc4 f5 12. Qe2 Bc5 13. c3 Qc7 14. Bg2 Rae8 15. Bd2 a6 16. Rae1 e4 17. dxe4 fxe4 18. Ne3 Ne5 19. Bxe4 Nxe3 20. Bxe3 Bxe3 21. fxe3 Rxf1+ 22. Rxf1 Nf7 23. Qg4 Qe7 24. Qf4 Ng5 25. Bg2 Qxe3+ 26. Qxe3 Rxe3 1/2-1/2

[Event "CAN-op"]
[Site "Sault Ste Marie CAN"]
[Date "2017.07.11"]
[Round "4"]
[White "Cummings, David"]
[Black "Dougherty, Michael"]
[Result "1-0"]
[WhiteElo "2313"]
[BlackElo "2204"]
[PlyCount "83"]
[GameId "2160767908343835"]
[EventDate "2017.07.08"]
[EventType "swiss"]
[EventRounds "9"]
[EventCountry "CAN"]
[SourceTitle "EXT 2018"]
[Source "ChessBase"]
[SourceDate "2017.10.13"]
[SourceVersion "1"]
[SourceVersionDate "2017.10.13"]
[SourceQuality "1"]

1. c4 g6 2. e4 Bg7 3. d4 c5 4. Nf3 cxd4 5. Nxd4 Nc6 6. Be3 Nf6 7. Nc3 O-O 8. Be2 d6 9. Qd2 Bd7 10. f3 Nxd4 11. Bxd4 Bc6 12. O-O Nd7 13. Be3 a5 14. b3 f5 15. exf5 gxf5 16. Rac1 Qe8 17. Nd5 Qf7 18. Rfe1 a4 19. b4 Bxd5 20. cxd5 f4 21. Bf2 Kh8 22. Rc7 Ne5 23. Rxb7 Bf6 24. Rc1 Rg8 25. Qd1 Rg6 26. Bf1 Rag8 27. Ba7 Rh6 28. Rb8 Rxb8 29. Bxb8 Qh5 30. h3 Rg6 31. Kh1 Rg3 32. Ba7 Nf7 33. b5 Rg5 34. b6 Nd8 35. Rc8 Rg8 36. Rc7 Rg5 37. Rd7 Rxd5 38. Rxd8+ Kg7 39. Qxa4 Rd4 40. Qb3 Qe5 41. b7 Qe1 42. Qb5 1-0

[Event "CAN-op"]
[Site "Sault Ste Marie CAN"]
[Date "2017.07.12"]
[Round "5.6"]
[White "Cummings, David"]
[Black "Cherniaev, Alexander"]
[Result "1/2-1/2"]
[WhiteElo "2313"]
[BlackElo "2426"]
[PlyCount "109"]
[GameId "2160767908343856"]
[EventDate "2017.07.08"]
[EventType "swiss"]
[EventRounds "9"]
[EventCountry "CAN"]
[SourceTitle "hb 2017"]

1. c4 Nf6 2. Nc3 g6 3. e4 d6 4. d4 Bg7 5. Nf3 O-O 6. Be2 e5 7. d5 a5 8. Bg5 h6 9. Bh4 Na6 10. Nd2 Qe8 11. O-O Nh7 12. a3 Bd7 13. b3 Kh8 14. Rb1 Rg8 15. b4 axb4 16. axb4 f5 17. f3 f4 18. c5 dxc5 19. b5 Nb4 20. Nc4 Bxb5 21. Nxb5 Qxb5 22. Nd6 Qd7 23. Nxb7 Bf8 24. Bf2 Bd6 25. Nxc5 Qe7 26. Qc1 Ra2 27. Rxb4 Rxe2 28. Rc4 g5 29. Rc2 Rxc2 30. Qxc2 g4 31. fxg4 Rxg4 32. Ne6 Nf8 33. Qe2 Rg6 34. Nxf8 Qxf8 35. Kh1 Qf6 36. Qh5 Qg5 37. Qh3 Rg8 38. Bh4 Qg6 39. Rc1 Kh7 40. Qf3 Ra8 41. h3 Ra4 42. Bd8 Ra3 43. Qg4 Qxg4 44. hxg4 Ra7 45. Kg1 Kg6 46. Kf2 h5 47. gxh5+ Kxh5 48. Rh1+ Kg6 49. Rc1 Ra2+ 50. Kf3 Ra3+ 51. Kf2 Re3 52. Bxc7 Bxc7 53. Rxc7 Rxe4 54. g3 fxg3+ 55. Kxg3 1/2-1/2

[Event "CAN-op"]
[Site "Sault Ste Marie CAN"]
[Date "2017.07.13"]
[Round "6"]
[White "Lenderman, Aleksandr"]
[Black "Cummings, David"]
[Result "1/2-1/2"]
[WhiteElo "2585"]
[BlackElo "2313"]
[PlyCount "67"]
[GameId "2160767908343865"]
[EventDate "2017.07.08"]
[EventType "swiss"]
[EventRounds "9"]
[EventCountry "CAN"]
[SourceTitle "EXT 2018"]
[Source "ChessBase"]
[SourceDate "2017.10.13"]
[SourceVersion "1"]
[SourceVersionDate "2017.10.13"]
[SourceQuality "1"]

1. Nf3 d5 2. g3 Bg4 3. Bg2 e6 4. O-O Nf6 5. c4 c6 6. d4 Nbd7 7. Qb3 Qb6 8. Nc3 Be7 9. h3 Bh5 10. cxd5 exd5 11. Nh4 Bg6 12. Nxg6 Qxb3 13. axb3 hxg6 14. g4 O-O 15. Rd1 Nb6 16. Bf4 Rfe8 17. e3 Nc8 18. Be5 Nd7 19. Bg3 Bd6 20. e4 Bxg3 21. fxg3 dxe4 22. d5 Nc5 23. dxc6 bxc6 24. b4 Nd3 25. Rxd3 exd3 26. Bxc6 Nb6 27. Rd1 Red8 28. Bxa8 Nxa8 29. Kf2 Nb6 30. b3 Rd4 31. b5 Nd5 32. Nxd5 Rxd5 33. Ke3 Rxb5 34. Rxd3 1/2-1/2

[Event "CAN-op"]
[Site "Sault Ste Marie CAN"]
[Date "2017.07.14"]
[Round "7.8"]
[White "Cummings, David"]
[Black "Hua, Eugene"]
[Result "1/2-1/2"]
[WhiteElo "2313"]
[BlackElo "2251"]
[PlyCount "90"]
[GameId "2160767908343888"]
[EventDate "2017.07.08"]
[EventType "swiss"]
[EventRounds "9"]
[EventCountry "CAN"]
[SourceTitle "hb 2017"]

1. c4 c5 2. Nf3 Nc6 3. d4 cxd4 4. Nxd4 e5 5. Nb5 a6 6. Nd6+ Bxd6 7. Qxd6 Qf6 8. Qd2 Nge7 9. Nc3 O-O 10. e3 Qg6 11. h4 d6 12. h5 Qh6 13. b3 Be6 14. Nd5 Rfd8 15. Bb2 Rac8 16. Nb6 Rb8 17. e4 Qxd2+ 18. Kxd2 f5 19. f3 fxe4 20. fxe4 Rf8 21. Be2 Rf2 22. Ke3 Rxg2 23. Rag1 Rxg1 24. Rxg1 Nd4 25. Bxd4 exd4+ 26. Kxd4 Nc6+ 27. Ke3 Kf7 28. Rf1+ Ke7 29. Nd5+ Bxd5 30. exd5 Ne5 31. Kd4 b6 32. Bd1 g5 33. hxg6 hxg6 34. Rh1 Rf8 35. Rh7+ Rf7 36. Rxf7+ Nxf7 37. b4 g5 38. Be2 a5 39. bxa5 bxa5 40. a4 Kd7 41. c5 dxc5+ 42. Kxc5 Nd6 43. Kb6 Ne4 44. Kxa5 Nc3 45. Bf3 Kd6 1/2-1/2

[Event "CAN-op"]
[Site "Sault Ste Marie CAN"]
[Date "2017.07.15"]
[Round "8.7"]
[White "Cummings, David"]
[Black "Sundar, Avinaash"]
[Result "1-0"]
[WhiteElo "2313"]
[BlackElo "2073"]
[PlyCount "128"]
[GameId "2160767908343901"]
[EventDate "2017.07.08"]
[EventType "swiss"]
[EventRounds "9"]
[EventCountry "CAN"]
[SourceTitle "hb 2017"]

1. c4 Nf6 2. Nf3 e6 3. Nc3 d5 4. e3 Nbd7 5. b3 b6 6. Bb2 Bb7 7. cxd5 exd5 8. Qc2 a6 9. d4 Bb4 10. a3 Bd6 11. g3 O-O 12. Bg2 Rc8 13. O-O Re8 14. Rfd1 Qe7 15. Nd2 Ba8 16. Qd3 Bb7 17. Qf1 Rb8 18. Re1 c5 19. dxc5 Nxc5 20. b4 Ncd7 21. e4 dxe4 22. Ncxe4 Nxe4 23. Nxe4 Be5 24. Bxe5 Nxe5 25. f4 Ng4 26. h3 Nh6 27. g4 Qd7 28. Rad1 Qa4 29. Qd3 Bxe4 30. Bxe4 Kh8 31. g5 Ng8 32. Kg2 h6 33. h4 a5 34. b5 Re7 35. Bc6 Qxf4 36. Qg3 hxg5 37. hxg5 Qxg3+ 38. Kxg3 g6 39. Kf4 Rxe1 40. Rxe1 Rd8 41. Ke5 Kg7 42. Rf1 Rd2 43. Bd5 f6+ 44. Ke6 Rd3 45. Rf3 Rd1 46. Bb3 Rg1 47. Kd6 Rxg5 48. Kc6 Ne7+ 49. Kxb6 Re5 50. Rd3 f5 51. Kxa5 f4 52. Ka6 g5 53. b6 Nc6 54. Rd7+ Kh8 55. Rd5 Re3 56. Ba4 Rxa3 57. Kb5 f3 58. Kxc6 f2 59. Bb5 Rc3+ 60. Rc5 Rb3 61. Rc1 Rf3 62. b7 Rf8 63. Kc7 Rf7+ 64. Kb6 Rf6+ 1-0

[Event "CAN-op"]
[Site "Sault Ste Marie CAN"]
[Date "2017.07.16"]
[Round "9.4"]
[White "Shi, Diwen"]
[Black "Cummings, David"]
[Result "1/2-1/2"]
[WhiteElo "2293"]
[BlackElo "2313"]
[PlyCount "29"]
[GameId "2160767908343914"]
[EventDate "2017.07.08"]
[EventType "swiss"]
[EventRounds "9"]
[EventCountry "CAN"]
[SourceTitle "hb 2017"]

1. e4 c5 2. Nf3 e6 3. d4 cxd4 4. Nxd4 Nc6 5. Nc3 Qc7 6. Be3 a6 7. Qf3 Bd6 8. O-O-O Be5 9. g3 Nge7 10. Qe2 b5 11. f4 Bxd4 12. Bxd4 Nxd4 13. Rxd4 Bb7 14. Bg2 O-O 15. Rhd1 1/2-1/2

[Event "CAN-ch Seniors 50+"]
[Site "Kitchener CAN"]
[Date "2015.07.31"]
[Round "1"]
[White "Cummings, David"]
[Black "Vlasov, John"]
[Result "1-0"]
[WhiteElo "2428"]
[BlackElo "1852"]
[PlyCount "71"]
[GameId "2160767908828833"]
[EventDate "2015.07.31"]
[EventType "swiss"]
[EventRounds "7"]
[EventCountry "CAN"]
[SourceTitle "EXT 2022"]
[Source "ChessBase"]
[SourceDate "2021.10.06"]
[SourceVersion "1"]
[SourceVersionDate "2021.10.06"]
[SourceQuality "1"]

1. d4 d5 2. c4 e6 3. Nc3 Nf6 4. cxd5 exd5 5. Bg5 Be7 6. e3 c6 7. Bd3 O-O 8. Qc2 Nbd7 9. Nf3 Re8 10. O-O Nf8 11. h3 N6d7 12. Bf4 Ng6 13. Nxd5 Nxf4 14. Bxh7+ Kh8 15. Nxf4 Bf6 16. Bd3 Nf8 17. Bc4 Ne6 18. Nh5 g6 19. Ng3 Kg7 20. Rad1 Ng5 21. Nxg5 Bxg5 22. e4 Bf4 23. e5 Bxg3 24. fxg3 Be6 25. Rf6 Qd7 26. Kh2 Re7 27. Rdf1 Bxc4 28. Qxc4 Rd8 29. Rd6 Qe8 30. Rff6 Red7 31. Qf1 Qe7 32. Qf4 a5 33. h4 a4 34. h5 Rh8 35. Rxg6+ Kf8 36. Rh6 1-0

[Event "CAN-ch Seniors 50+"]
[Site "Kitchener CAN"]
[Date "2015.08.01"]
[Round "2"]
[White "Zybura, Andre"]
[Black "Cummings, David"]
[Result "0-1"]
[WhiteElo "2125"]
[BlackElo "2428"]
[PlyCount "46"]
[GameId "2160767908828842"]
[EventDate "2015.07.31"]
[EventType "swiss"]
[EventRounds "7"]
[EventCountry "CAN"]
[SourceTitle "EXT 2022"]
[Source "ChessBase"]
[SourceDate "2021.10.06"]
[SourceVersion "1"]
[SourceVersionDate "2021.10.06"]
[SourceQuality "1"]

1. e4 e5 2. Bc4 Nf6 3. d4 exd4 4. Nf3 Bb4+ 5. Bd2 Bxd2+ 6. Nbxd2 Nc6 7. O-O d6 8. Re1 O-O 9. e5 Nxe5 10. Nxe5 dxe5 11. Rxe5 Qd6 12. Qe2 Bg4 13. f3 Bd7 14. Re1 c5 15. Qf2 b5 16. Bd3 Rae8 17. Qg3 Rxe5 18. Rxe5 Bc6 19. b3 h6 20. f4 Re8 21. Be4 Kf8 22. Qe1 Rxe5 23. fxe5 Qxe5 0-1

[Event "CAN-ch Seniors 50+"]
[Site "Kitchener CAN"]
[Date "2015.08.01"]
[Round "3"]
[White "Cummings, David"]
[Black "Barron, Michael"]
[Result "0-1"]
[WhiteElo "2428"]
[BlackElo "2316"]
[PlyCount "66"]
[GameId "2160767908828845"]
[EventDate "2015.07.31"]
[EventType "swiss"]
[EventRounds "7"]
[EventCountry "CAN"]
[SourceTitle "EXT 2022"]
[Source "ChessBase"]
[SourceDate "2021.10.06"]
[SourceVersion "1"]
[SourceVersionDate "2021.10.06"]
[SourceQuality "1"]

1. Nf3 f5 2. d4 Nf6 3. g3 g6 4. Bg2 Bg7 5. c4 O-O 6. Nc3 d6 7. O-O Qe8 8. b3 e5 9. dxe5 dxe5 10. e4 Nc6 11. Nd5 Qd8 12. Ba3 Re8 13. exf5 Bxf5 14. Ng5 e4 15. Re1 Nxd5 16. cxd5 Bxa1 17. Qxa1 Qxd5 18. Rd1 Qa5 19. Qc1 Ne5 20. Nxe4 Bxe4 21. Bxe4 c6 22. f4 Nf7 23. Bf3 Rad8 24. Rf1 Qd2 25. Qc5 Qxa2 26. f5 Re5 27. Qxa7 Rxf5 28. g4 Rf6 29. Qa4 Qd2 30. Kh1 Rxf3 31. Rxf3 Qe1+ 32. Kg2 Rd2+ 33. Kh3 Ng5# 0-1

[Event "CAN-ch Seniors 50+"]
[Site "Kitchener CAN"]
[Date "2015.08.02"]
[Round "4"]
[White "Drkulec, Vladimir"]
[Black "Cummings, David"]
[Result "0-1"]
[WhiteElo "1939"]
[BlackElo "2428"]
[PlyCount "36"]
[GameId "2160767908828851"]
[EventDate "2015.07.31"]
[EventType "swiss"]
[EventRounds "7"]
[EventCountry "CAN"]
[SourceTitle "EXT 2022"]
[Source "ChessBase"]
[SourceDate "2021.10.06"]
[SourceVersion "1"]
[SourceVersionDate "2021.10.06"]
[SourceQuality "1"]

1. d4 d5 2. c4 e6 3. Nf3 Nf6 4. g3 dxc4 5. Qa4+ c6 6. Qxc4 b5 7. Qc2 Bb7 8. Bg2 Nbd7 9. O-O c5 10. Nc3 b4 11. Na4 Rc8 12. dxc5 Nxc5 13. Rd1 Qa5 14. Nxc5 Bxc5 15. Qd3 Ba6 16. Qd2 Bxf2+ 17. Kh1 O-O 18. e3 Ne4 0-1

[Event "CAN-ch Seniors 50+"]
[Site "Kitchener CAN"]
[Date "2015.08.02"]
[Round "5"]
[White "Cummings, David"]
[Black "Dougherty, Michael"]
[Result "1/2-1/2"]
[WhiteElo "2428"]
[BlackElo "2268"]
[PlyCount "65"]
[GameId "2160767908828858"]
[EventDate "2015.07.31"]
[EventType "swiss"]
[EventRounds "7"]
[EventCountry "CAN"]
[SourceTitle "EXT 2022"]
[Source "ChessBase"]
[SourceDate "2021.10.06"]
[SourceVersion "1"]
[SourceVersionDate "2021.10.06"]
[SourceQuality "1"]

1. d4 Nf6 2. c4 e6 3. Nc3 Bb4 4. Qc2 O-O 5. Nf3 d5 6. cxd5 exd5 7. Bf4 Ne4 8. e3 Bf5 9. Bd3 Nd7 10. O-O Bxc3 11. bxc3 c5 12. Nd2 cxd4 13. Bxe4 dxe4 14. cxd4 Rc8 15. Qb3 Nb6 16. f3 exf3 17. Rxf3 Qd5 18. Qxd5 Nxd5 19. e4 Nxf4 20. Rxf4 Bg6 21. Nf1 Rc4 22. Rd1 f6 23. Ng3 b5 24. Rf2 Rd8 25. Rfd2 Re8 26. Re1 b4 27. Kf2 a5 28. d5 Kf7 29. d6 Ke6 30. Nf5 Bxf5 31. d7 Rd8 32. exf5+ Kf7 33. Kf3 1/2-1/2

[Event "CAN-ch Seniors 50+"]
[Site "Kitchener CAN"]
[Date "2015.08.03"]
[Round "6"]
[White "Cova, Ramon"]
[Black "Cummings, David"]
[Result "0-1"]
[WhiteElo "2085"]
[BlackElo "2428"]
[PlyCount "62"]
[GameId "2160767908828861"]
[EventDate "2015.07.31"]
[EventType "swiss"]
[EventRounds "7"]
[EventCountry "CAN"]
[SourceTitle "EXT 2022"]
[Source "ChessBase"]
[SourceDate "2021.10.06"]
[SourceVersion "1"]
[SourceVersionDate "2021.10.06"]
[SourceQuality "1"]

1. e4 c5 2. Nc3 Nc6 3. f4 g6 4. Nf3 Bg7 5. Bb5 Nd4 6. O-O a6 7. Bc4 b5 8. Bd5 Rb8 9. d3 Nf6 10. Bb3 Nxb3 11. axb3 Bb7 12. Qe1 b4 13. Na4 d6 14. Bd2 Nd7 15. Qg3 Qc7 16. Rae1 O-O 17. f5 Ne5 18. Qh4 h5 19. h3 d5 20. g4 dxe4 21. dxe4 Qd6 22. Bg5 Nxf3+ 23. Rxf3 Qd4+ 24. Rfe3 f6 25. fxg6 fxg5 26. Qxh5 Rf6 27. Qxg5 Bxe4 28. Qxc5 Rf3 29. c3 Rg3+ 30. Kh2 Rg2+ 31. Kh1 Re2+ 0-1

[Event "CAN-ch Seniors 50+"]
[Site "Kitchener CAN"]
[Date "2015.08.03"]
[Round "7"]
[White "Cummings, David"]
[Black "Chernik, Dmitry"]
[Result "1-0"]
[WhiteElo "2428"]
[BlackElo "2079"]
[PlyCount "69"]
[GameId "2160767908837060"]
[EventDate "2015.07.31"]
[EventType "swiss"]
[EventRounds "7"]
[EventCountry "CAN"]
[SourceTitle "EXT 2022"]
[Source "ChessBase"]
[SourceDate "2021.10.06"]
[SourceVersion "1"]
[SourceVersionDate "2021.10.06"]
[SourceQuality "1"]

1. d4 d6 2. c4 e5 3. Nc3 Be7 4. Nf3 Nd7 5. e4 Ngf6 6. Be2 O-O 7. O-O c6 8. Re1 Qc7 9. Bf1 Re8 10. d5 Nf8 11. Rb1 a6 12. h3 Bd7 13. Be3 c5 14. Nd2 Ng6 15. g3 Qc8 16. Kh2 h6 17. b4 cxb4 18. Rxb4 b5 19. Qc1 a5 20. Rb1 b4 21. Nb5 h5 22. a3 Bxb5 23. cxb5 Qxc1 24. Rexc1 Rec8 25. Rc6 bxa3 26. Ra1 Bd8 27. Rxa3 Ne7 28. Rxd6 Nexd5 29. Rxd5 Nxd5 30. exd5 Be7 31. Ra4 Bb4 32. Nc4 Bc5 33. b6 Rab8 34. Rxa5 Bb4 35. Rb5 1-0

[Event "Francophone-ch"]
[Site "Montreal CAN"]
[Date "2015.07.17"]
[Round "1"]
[White "Ming, Wenyang"]
[Black "Cummings, David"]
[Result "0-1"]
[WhiteElo "1834"]
[BlackElo "2327"]
[PlyCount "64"]
[GameId "2160767908845720"]
[EventDate "2015.07.17"]
[EventType "swiss"]
[EventRounds "9"]
[EventCountry "CAN"]
[SourceTitle "EXT 2016"]
[Source "ChessBase"]
[SourceDate "2015.10.08"]
[SourceVersion "1"]
[SourceVersionDate "2015.10.08"]
[SourceQuality "1"]

1. e4 c5 2. Nf3 e6 3. d3 Nc6 4. g3 Nge7 5. Bg2 g6 6. O-O Bg7 7. c3 O-O 8. Qc2 b6 9. a4 Bb7 10. Na3 d5 11. Rd1 a6 12. Bf4 e5 13. exd5 exf4 14. dxc6 Bxc6 15. d4 fxg3 16. hxg3 cxd4 17. Nxd4 Bxg2 18. Kxg2 Qc7 19. Rd3 h5 20. Rad1 Rac8 21. Nf3 Nf5 22. Rd5 h4 23. gxh4 Qf4 24. Qd3 Rfe8 25. Rh1 Qg4+ 26. Kf1 Ne3+ 27. fxe3 Qxf3+ 28. Kg1 Rxe3 29. Qd2 Qg4+ 30. Kf1 Rf3+ 31. Ke1 Re8+ 32. Kd1 Rxc3+ 0-1

[Event "Francophone-ch"]
[Site "Montreal CAN"]
[Date "2015.07.24"]
[Round "8"]
[White "Cummings, David"]
[Black "Drolet, Stephane"]
[Result "1-0"]
[WhiteElo "2327"]
[BlackElo "2120"]
[PlyCount "47"]
[GameId "2160767908845761"]
[EventDate "2015.07.17"]
[EventType "swiss"]
[EventRounds "9"]
[EventCountry "CAN"]
[SourceTitle "EXT 2016"]
[Source "ChessBase"]
[SourceDate "2015.10.08"]
[SourceVersion "1"]
[SourceVersionDate "2015.10.08"]
[SourceQuality "1"]

1. d4 e6 2. c4 Bb4+ 3. Bd2 Be7 4. Nc3 d5 5. cxd5 exd5 6. Bf4 c6 7. e3 Bf5 8. g4 Bg6 9. Nf3 Nf6 10. Ne5 Nfd7 11. Nxg6 hxg6 12. Bd3 g5 13. Bg3 Nf8 14. Qc2 Ne6 15. O-O-O Qa5 16. Bf5 Rh6 17. e4 Na6 18. Qb3 Nac5 19. dxc5 Nxc5 20. Qc2 g6 21. exd5 gxf5 22. Qxf5 Na4 23. Rhe1 Nxc3 24. Rxe7+ 1-0

[Event "Quebec op 3e RIDEF"]
[Site "Montreal CAN"]
[Date "2015.07.18"]
[Round "2.13"]
[White "Cummings, David"]
[Black "Turcotte, Jonathan"]
[Result "1-0"]
[WhiteElo "2327"]
[BlackElo "1999"]
[PlyCount "53"]
[GameId "2160767908854045"]
[EventDate "2015.07.17"]
[EventType "swiss"]
[EventRounds "9"]
[EventCountry "CAN"]
[SourceTitle "hb 2015"]

1. d4 d5 2. c4 c6 3. Nc3 Nf6 4. e3 e6 5. Nf3 Nbd7 6. Bd3 dxc4 7. Bxc4 b5 8. Bd3 Bb7 9. e4 b4 10. Na4 c5 11. e5 Nd5 12. O-O cxd4 13. Re1 Be7 14. Nxd4 O-O 15. Qg4 Re8 16. Bh6 Bf8 17. Bg5 Be7 18. Nf3 Qa5 19. b3 Rac8 20. Nb2 Rc3 21. Nc4 Qc7 22. Rad1 Bxg5 23. Nxg5 h6 24. Nxf7 Rxd3 25. Nxh6+ Kh7 26. Rxd3 gxh6 27. Rg3 1-0

[Event "Quebec op 3e RIDEF"]
[Site "Montreal CAN"]
[Date "2015.07.18"]
[Round "3.12"]
[White "Cloutier, Mathieu"]
[Black "Cummings, David"]
[Result "0-1"]
[WhiteElo "1972"]
[BlackElo "2327"]
[PlyCount "100"]
[GameId "2160767908854115"]
[EventDate "2015.07.17"]
[EventType "swiss"]
[EventRounds "9"]
[EventCountry "CAN"]
[SourceTitle "hb 2015"]

1. e4 e5 2. Nf3 Nc6 3. Bb5 Nf6 4. O-O Nxe4 5. d4 Nd6 6. Bxc6 dxc6 7. dxe5 Nf5 8. Qxd8+ Kxd8 9. Rd1+ Ke8 10. Bf4 h6 11. e6 Bxe6 12. Bxc7 Rc8 13. Ba5 f6 14. Nbd2 Kf7 15. Nb3 b6 16. Bc3 c5 17. h3 Be7 18. Nbd2 Rhd8 19. Nf1 Bd5 20. N1h2 Be4 21. g4 Nd6 22. Ne1 Nb5 23. Bd2 Rd7 24. Be3 Rcd8 25. Rxd7 Rxd7 26. c3 Nc7 27. Nf1 Bc6 28. Ng2 Nd5 29. Re1 Nxe3 30. Ngxe3 Bd6 31. Rd1 g6 32. Rd2 Bf4 33. Rxd7+ Bxd7 34. f3 Be6 35. c4 Ke7 36. Kf2 Kd6 37. b3 Ke5 38. Nc2 f5 39. Nfe3 h5 40. Ng2 fxg4 41. fxg4 hxg4 42. hxg4 Bxg4 43. Nce3 Bxe3+ 44. Kxe3 Bf5 45. Ne1 g5 46. Nf3+ Kf6 47. a3 g4 48. Nh4 Ke5 49. b4 Be4 50. bxc5 bxc5 0-1

[Event "Quebec op 3e RIDEF"]
[Site "Montreal CAN"]
[Date "2015.07.21"]
[Round "5.4"]
[White "Dlugy, Maxim"]
[Black "Cummings, David"]
[Result "1/2-1/2"]
[WhiteElo "2516"]
[BlackElo "2327"]
[PlyCount "119"]
[GameId "2160767908862437"]
[EventDate "2015.07.17"]
[EventType "swiss"]
[EventRounds "9"]
[EventCountry "CAN"]
[SourceTitle "hb 2015"]

1. d4 d5 2. c4 e6 3. Nf3 Nf6 4. g3 dxc4 5. Bg2 Bb4+ 6. Bd2 a5 7. Qc2 Bxd2+ 8. Nbxd2 b5 9. a4 c6 10. b3 cxb3 11. Nxb3 O-O 12. Ne5 Nd5 13. Nxc6 Nxc6 14. Qxc6 Bd7 15. Qd6 bxa4 16. Bxd5 axb3 17. Bxa8 Qxa8 18. O-O Bc6 19. Rfb1 Bd5 20. Ra4 Rc8 21. Qb6 Be4 22. Rxa5 Qxa5 23. Qxa5 Bxb1 24. Qa6 Rf8 25. Qb7 Bc2 26. Kf1 h6 27. Ke1 Rd8 28. e3 Rd5 29. Qb6 Ra5 30. Kd2 Ra1 31. Kc3 Rf1 32. Qb8+ Kh7 33. Qf4 Kg8 34. e4 Rd1 35. Qe3 Kf8 36. f3 Kg8 37. h4 Kf8 38. g4 f6 39. Qf4 Rd3+ 40. Kb2 Kg8 41. d5 e5 42. Qf5 Rd2 43. Qc8+ Kh7 44. Qc3 Rd3 45. Qc7 Rd2 46. d6 Bd1+ 47. Kc1 b2+ 48. Kxd2 b1=Q 49. d7 Ba4 50. d8=Q Qd1+ 51. Ke3 Qe1+ 52. Kd3 Bb5+ 53. Kc2 Ba4+ 54. Kb2 Qb4+ 55. Ka1 Qa3+ 56. Kb1 Qb4+ 57. Ka2 Qb3+ 58. Ka1 Qa3+ 59. Kb1 Qb4+ 60. Kc1 1/2-1/2

[Event "Quebec op 3e RIDEF"]
[Site "Montreal CAN"]
[Date "2015.07.23"]
[Round "7.11"]
[White "Shi, Diwen"]
[Black "Cummings, David"]
[Result "1/2-1/2"]
[WhiteElo "2153"]
[BlackElo "2327"]
[PlyCount "60"]
[GameId "2160767908862584"]
[EventDate "2015.07.17"]
[EventType "swiss"]
[EventRounds "9"]
[EventCountry "CAN"]
[SourceTitle "hb 2015"]

1. e4 e5 2. Nf3 Nc6 3. Nc3 Nf6 4. Bb5 Bd6 5. a3 Nd4 6. Bc4 c6 7. d3 Bc7 8. Nxd4 exd4 9. Ne2 O-O 10. Bg5 d5 11. exd5 cxd5 12. Ba2 Re8 13. Qd2 Qe7 14. Kf1 Qc5 15. Bxf6 gxf6 16. b4 Qb6 17. Bxd5 Bf5 18. Ng3 Bg6 19. Be4 Bxg3 20. hxg3 a5 21. Qh6 Qc7 22. Rc1 axb4 23. axb4 f5 24. Bd5 Qc3 25. Kg1 Qxb4 26. Qf4 Rad8 27. Bb3 Qd6 28. Qxd6 Rxd6 29. Kf1 Kg7 30. Re1 Rxe1+ 1/2-1/2

[Event "Quebec op 3e RIDEF"]
[Site "Montreal CAN"]
[Date "2015.07.25"]
[Round "9.9"]
[White "Cummings, David"]
[Black "Humphreys, Michael"]
[Result "0-1"]
[WhiteElo "2327"]
[BlackElo "2207"]
[PlyCount "70"]
[GameId "2160767908870908"]
[EventDate "2015.07.17"]
[EventType "swiss"]
[EventRounds "9"]
[EventCountry "CAN"]
[SourceTitle "hb 2015"]

1. d4 d6 2. c4 e5 3. Nc3 exd4 4. Qxd4 Nc6 5. Qd2 g6 6. b3 Bg7 7. Bb2 Nf6 8. g3 O-O 9. Bg2 Re8 10. Nh3 Bxh3 11. Bxh3 Ne4 12. Nxe4 Rxe4 13. Bg2 Bxb2 14. Qxb2 Re5 15. O-O Qe7 16. e3 a5 17. a3 Nd8 18. b4 Rb8 19. Rfe1 axb4 20. Qxb4 Ra8 21. a4 Rea5 22. Bxb7 c5 23. Qxa5 Rxa5 24. Bd5 Qd7 25. Reb1 Rxa4 26. Rxa4 Qxa4 27. Rb8 Qa5 28. h4 h5 29. Kg2 Kg7 30. Kg1 Qc7 31. Rb1 Nc6 32. Rb5 Ne7 33. Bf3 Qa7 34. Bg2 Qa2 35. Bf1 Qc2 0-1